Recuerdo del homenaje tributado por Cataluña a S.M. el Rey Alfonso XIII, Barcelona 25 de enero de 1925
Descripción Física:
[12] p. ; 30 cm
Materias:
Alfons XIII, Rei d'Espanya -- Homenatges
MARC
| LEADER | 00000nam a2200000Ia 4500 | ||
|---|---|---|---|
| 001 | 10980 | ||
| 008 | 160829s9999 xx 000 0 cat d | ||
| 080 | |a RF-11-17 | ||
| 245 | |a Recuerdo del homenaje tributado por Cataluña a S.M. el Rey Alfonso XIII, Barcelona 25 de enero de 1925 | ||
| 260 | |a Barcelona : |b Catalonia, [1925?] | ||
| 300 | |a [12] p. ; |c 30 cm | ||
| 590 | |a Conté: Cataluña ; Barcelona : la capital que honra al comercio y la industria de España ; La Unión patriótica ; El Palacio Real de Pedralbes | ||
| 650 | |a Alfons XIII, Rei d'Espanya |x Homenatges |9 38807 | ||
| 856 | 4 | |u https://media.diba.cat/diba/fitxers/arxiu/fulletons/bib_10980_1925_baixa.pdf |y Accés lliure | |
| 856 | 4 | |u https://media.diba.cat/diba/fitxers/arxiu/fulletons/bib_10980_1925_baixa.pdf |y Accés lliure | |
| 901 | |a Arxiu | ||
| 942 | |n 1 |2 udc | ||
| 952 | |0 0 |1 0 |4 0 |6 RF1117 |7 1 |9 48612 |a Arxiu |b Arxiu |d 2016-12-01 |l 0 |o RF-11-17 |p 10980 |r 2016-12-01 00:00:00 |w 2016-12-01 |y ARXIU | ||
| 999 | |c 52442 |d 52442 | ||
| 900 | |a bib_10980_1925_baixa.pdf | ||